000 00198 a2200097 4500
001 15579
100 _aDickens, C
245 _aGreat Enpactations
260 _a
_bPan Book
_c
090 _c12150
_d12150
942 _aNUST-CAE
_cM
_c2393
999 _c250652
_d250652